[Event "London Classic U2050 op 10th"]
[Site "London"]
[Date "2018.12.16"]
[Round "4"]
[White "Mospan, Edward"]
[Black "Kramaley, David"]
[Result "0-1"]
[WhiteElo "1322"]
[BlackElo "1844"]
[PlyCount "84"]
[EventDate "2018.12.14"]
[EventType "swiss"]
[EventRounds "5"]
[EventCountry "ENG"]
[SourceTitle "CBM 187 Extra"]
[Source "ChessBase"]
[SourceDate "2018.11.04"]
[SourceVersion "1"]
[SourceVersionDate "2018.11.04"]
[SourceQuality "1"]

1. d4 d5 2. Nf3 Nf6 3. e3 c5 4. c4 Nc6 5. Be2 dxc4 6. Bxc4 e6 7. 0-0 Be7 8. Nc3 0-0 9. Qc2 cxd4 10. Rd1 e5 11. Ne4 Qb6 12. a3 Bg4 13. Nxf6+ Bxf6 14. Be2 Be6 15. Qe4 Bb3 16. Rf1 Rfe8 17. Bd3 g6 18. Nd2 Be6 19. Qf3 Bg7 20. e4 Rac8 21. b4 Qd8 22. Rb1 Rf8 23. Qd1 Qe7 24. Qa4 b6 25. Nf3 h6 26. Bd2 Nd8 27. b5 Qd7 28. Qb4 Nb7 29. a4 Nc5 30. Ne1 Qd8 31. Qa3 f5 32. exf5 gxf5 33. Bb4 e4 34. Bxc5 Rxc5 35. Be2 d3 36. Bd1 Qc8 37. Bb3 Rc3 38. Bxe6+ Qxe6 39. Qb4 d2 40. Rd1 Rd8 41. Qb1 Qc4 42. g3 Rc1 0-1

[Event "London Classic U2050 op 10th"]
[Site "London"]
[Date "2018.12.14"]
[Round "1"]
[White "Kramaley, David"]
[Black "Kelmendi, Bajrush"]
[Result "1/2-1/2"]
[WhiteElo "1844"]
[BlackElo "2085"]
[PlyCount "91"]
[EventDate "2018.12.14"]
[EventType "swiss"]
[EventRounds "5"]
[EventCountry "ENG"]
[SourceTitle "CBM 187 Extra"]
[Source "ChessBase"]
[SourceDate "2018.11.04"]
[SourceVersion "1"]
[SourceVersionDate "2018.11.04"]
[SourceQuality "1"]

1. e4 g6 2. d4 Bg7 3. Nf3 b6 4. Nc3 Bb7 5. Bc4 e6 6. 0-0 Ne7 7. Bg5 d6 8. Re1 0-0 9. Qd2 a6 10. a4 Re8 11. Bh6 d5 12. Bxg7 Kxg7 13. Bd3 c5 14. Rad1 Nbc6 15. exd5 exd5 16. Qf4 c4 17. Bf1 Qb8 18. Qc1 Qd6 19. h3 Nf5 20. g4 Rxe1 21. Nxe1 Nfxd4 22. Bg2 b5 23. Qd2 Rd8 24. axb5 axb5 25. Qe3 Qe6 26. Rxd4 Qxe3 27. fxe3 Nxd4 28. exd4 b4 29. Na4 Bc6 30. Nc5 Ra8 31. b3 Ra1 32. Kf2 cxb3 33. cxb3 Ra2+ 34. Kg3 Rd2 35. Nf3 Rd1 36. Kf4 Kf8 37. g5 Ke7 38. Ke3 Bb5 39. Ne5 Re1+ 40. Kf4 Rd1 41. Ke3 Re1+ 42. Kf4 Rd1 43. Ke3 Rg1 44. Kf2 Rd1 45. Ke3 Rg1 46. Kf2 1/2-1/2

[Event "Basingstoke 4NCL Spring Bank op-A 1st"]
[Site "Basingstoke"]
[Date "2018.05.28"]
[Round "7"]
[White "Ortiz Sanchez, Luis"]
[Black "Kramaley, David"]
[Result "1/2-1/2"]
[WhiteElo "1953"]
[BlackElo "1819"]
[PlyCount "75"]
[EventDate "2018.05.25"]
[EventType "swiss"]
[EventRounds "7"]
[EventCountry "ENG"]
[SourceTitle "CBM 184 Extra"]
[Source "ChessBase"]
[SourceDate "2018.06.28"]
[SourceVersion "1"]
[SourceVersionDate "2018.06.28"]
[SourceQuality "1"]

1. d3 Nf6 2. g3 d5 3. Bg2 e6 4. Nd2 Nbd7 5. e4 c6 6. Ngf3 dxe4 7. Nxe4 Nxe4 8. dxe4 e5 9. 0-0 Be7 10. c3 a5 11. Be3 0-0 12. Qc2 Qc7 13. Rfd1 Nf6 14. h3 Be6 15. Ne1 Rad8 16. b3 Rd7 17. Rxd7 Nxd7 18. Nd3 f6 19. Rd1 Rd8 20. Bf1 b6 21. Nb2 Bc5 22. Bc4 Bxc4 23. Nxc4 b5 24. Bxc5 Nxc5 25. Rxd8+ Qxd8 26. Nb2 Ne6 27. Kg2 Qd7 28. Qd3 Qxd3 29. Nxd3 Kf7 30. f4 exf4 31. gxf4 Ke7 32. Kf3 Kd6 33. h4 g6 34. Ke3 Ng7 35. Kd4 Ne6+ 36. Ke3 Ng7 37. Kd4 Ne6+ 38. Ke3 1/2-1/2

[Event "Basingstoke 4NCL Spring Bank op-A 1st"]
[Site "Basingstoke"]
[Date "2018.05.26"]
[Round "2"]
[White "Kramaley, David"]
[Black "Graham, David Bruce"]
[Result "0-1"]
[WhiteElo "1819"]
[BlackElo "2150"]
[PlyCount "68"]
[EventDate "2018.05.25"]
[EventType "swiss"]
[EventRounds "7"]
[EventCountry "ENG"]
[SourceTitle "CBM 184 Extra"]
[Source "ChessBase"]
[SourceDate "2018.06.28"]
[SourceVersion "1"]
[SourceVersionDate "2018.06.28"]
[SourceQuality "1"]

1. d4 Nf6 2. Bf4 g6 3. Nc3 Bg7 4. e4 d6 5. Qd2 Nc6 6. 0-0-0 0-0 7. Bh6 e5 8. Bxg7 Kxg7 9. d5 Nd4 10. f3 c5 11. Nb1 a6 12. c3 Nb5 13. g4 Qa5 14. Ne2 Bd7 15. Ng3 Rac8 16. Bxb5 axb5 17. h4 Ng8 18. Rdg1 f6 19. g5 f5 20. h5 Ne7 21. hxg6 hxg6 22. Rh3 f4 23. Nh5+ gxh5 24. Rxh5 Be8 25. Rh7+ Kxh7 26. Qh2+ Kg8 27. Rh1 Bg6 28. Qh8+ Kf7 29. Qf6+ Ke8 30. Qxd6 Qc7 31. Qe6 Rd8 32. Rh6 Bf7 33. d6 Bxe6 34. dxc7 Rd6 0-1

[Event "Frome op"]
[Site "Frome"]
[Date "2018.05.19"]
[Round "3"]
[White "Kramaley, David"]
[Black "Whitehead, Mark A"]
[Result "1/2-1/2"]
[WhiteElo "1819"]
[BlackElo "1897"]
[PlyCount "54"]
[EventDate "2018.05.18"]
[EventType "swiss"]
[EventRounds "5"]
[EventCountry "ENG"]
[SourceTitle "CBM 184 Extra"]
[Source "ChessBase"]
[SourceDate "2018.06.28"]
[SourceVersion "1"]
[SourceVersionDate "2018.06.28"]
[SourceQuality "1"]

1. e4 c5 2. Nf3 e6 3. d3 d6 4. g3 g6 5. Bg5 Qb6 6. Nbd2 h6 7. Be3 Bg7 8. Nc4 Qc7 9. Bf4 e5 10. Bd2 Ne7 11. Bg2 0-0 12. 0-0 Nbc6 13. c3 Be6 14. Ne3 d5 15. Qc2 Rac8 16. Rae1 dxe4 17. dxe4 Rfd8 18. Rd1 Rd7 19. b3 Rcd8 20. c4 Nd4 21. Nxd4 cxd4 22. Nd5 Nxd5 23. exd5 Bxd5 24. Bxd5 Rxd5 25. Qc1 R5d7 26. Bxh6 f6 27. Rfe1 Qc6 1/2-1/2